000 01084 a2200193 4500
003 NUST
005 20221215133405.0
010 _a53006115
040 _cNust
082 _a324,VLU
100 _aVlugt, Ebed Van Der
_9104967
245 _aAsia aflame :
_bcommunism in the east /
_cEbed Van Der Vlugt,
260 _aDevin-Adair Co
_bNew York
_c1953
300 _axvi , 294 p.:
_billus
_c24 cm
505 _aIntroduction The Red Masquerade (Page-3), The Red Legerdemain (Page-17), The Uprooting of Asia (Page-34), The Red Attack on Asia (Page-52), The Ted Campaign in the Middle East (Page-67), The Red Attack on Indo China (Page-81), The Ted Attack on India (Page-102), The Ted Attack on China (Page-113), The Ted Attack on Southeast Asia (Page-128), The Red Attack on Indonesia (Page-160), The Red Attack on Korea (Page-202), The Red Attack on Japan (Page-216), How to Meet the Red Attack in Asia (Page-225), How can we Fight World Communism (Page-241).
600 _aVlugt, Ebed Van Der
_9104967
650 _aAsia aflame;communism in the east
_9104968
942 _2ddc
_cBK
_k324,VLU
999 _c184211
_d184211